000 00452nam a2200157Ia 4500
008 220216s9999 xx 000 0 und d
100 _aTaryo-Adiwiganda Y
245 4 _aThe use of typic dystropept subsoil for rubber nursery in polibag
260 _bIndonesian Journal of Natural Rubber Research
_c1995
300 _a53-56
650 _aHevea brasiliensis
650 _aSubsoil
650 _aTypic dystropept
700 _aHasanudin
942 _cJS
999 _c71147
_d71147